| 000 | 01055cam a22003137a 4500 | ||
|---|---|---|---|
| 003 | CHAP | ||
| 005 | 20220329142325.0 | ||
| 008 | 000626d1999 mx r 00110 esp d | ||
| 010 | _a81723 | ||
| 011 | _a82695 | ||
| 020 | _a9688959022 | ||
| 035 | _a93196 | ||
| 040 | _cCHAP | ||
| 082 | 0 | 4 |
_a338.9 _bG64 |
| 100 | 0 | 0 |
_aGonzález Corona, Elías _ecoord. _948805 |
| 245 | 1 | 0 |
_aDiversidad cultural en la globalización _c/coord. por Elías González Corona e Irma Beatríz García Rojas |
| 260 |
_aGuadalajara, Jal. : _bUniversidad de Guadalajara. Departamento de Estudios de la Cultura Regional, _c1999. |
||
| 300 | _a236 p. | ||
| 590 |
_aBATCH-UPD _b10 _c20130110 _lUCH01 _h0741 |
||
| 590 |
_aBATCH-UPD _b10 _c20130410 _lUCH01 _h0423 |
||
| 590 |
_aBATCH-UPD _b10 _c20130914 _lUCH01 _h1127 |
||
| 590 |
_aCONVERSION _b10 _c20130109 _lUCH01 _h1345 |
||
| 650 | 1 | 4 |
_aCultura. _930401 |
| 650 | 1 | 4 |
_aGlobalización. _948300 |
| 901 | _aBK | ||
| 905 | _aLilia Sánchez G. | ||
| 942 | _cLIBRO | ||
| 949 |
_a338.9 G64 _bBC _cLIBRO _d33724000799805 _eLIBRO _h98288 _i93196 _si |
||
| 999 |
_c81723 _d81723 |
||